[Event "Campos Migjorn op"]
[Site "Campos"]
[Date "2019.09.20"]
[Round "5"]
[White "Matas Artigues, Josep"]
[Black "Munar Mut, Antoni"]
[Result "0-1"]
[WhiteElo "1550"]
[BlackElo "1819"]
[PlyCount "54"]
[EventDate "2019.09.06"]
[EventType "swiss"]
[EventRounds "8"]
[EventCountry "ESP"]
[SourceTitle "EXT 2020"]
[Source "ChessBase"]
[SourceDate "2019.10.17"]
[SourceVersion "1"]
[SourceVersionDate "2019.10.17"]
[SourceQuality "1"]

1. e4 c5 2. Nf3 Nc6 3. d4 cxd4 4. Nxd4 e5 5. Nb5 a6 6. Nd6+ Bxd6 7. Qxd6 Qf6 8. Qd1 Qg6 9. Nc3 Nge7 10. Be3 d5 11. exd5 Nb4 12. Bd3 Nxd3+ 13. cxd3 Qxg2 14. Rf1 Bh3 15. Kd2 Qxf1 16. Qxf1 Bxf1 17. Rxf1 Rd8 18. Rg1 Nxd5 19. Nxd5 Rxd5 20. Rxg7 Ke7 21. Rg4 Rhd8 22. Rg3 Rxd3+ 23. Ke2 Ke6 24. Rg7 R3d7 25. Rxh7 f6 26. Rh6 Rc8 27. Kf3 b5 0-1

[Event "EU-ch Seniors 65 18th"]
[Site "Drammen"]
[Date "2018.08.04"]
[Round "1"]
[White "Fatalibekova, Elena"]
[Black "Munar Mut, Antoni"]
[Result "1-0"]
[WhiteElo "2181"]
[BlackElo "1909"]
[PlyCount "115"]
[EventDate "2018.08.04"]
[EventType "swiss"]
[EventRounds "9"]
[EventCountry "NOR"]
[SourceTitle "CBM 186 Extra"]
[Source "ChessBase"]
[SourceDate "2018.08.24"]
[SourceVersion "1"]
[SourceVersionDate "2018.08.24"]
[SourceQuality "1"]

1. e4 c5 2. Nf3 Nc6 3. Bb5 e6 4. Bxc6 bxc6 5. d3 Be7 6. 0-0 Nf6 7. Nc3 0-0 8. Re1 d5 9. b3 Nd7 10. Bb2 d4 11. Ne2 e5 12. Ng3 g6 13. Bc1 Bf6 14. Bh6 Re8 15. Qd2 Nf8 16. h3 Ne6 17. Rf1 a5 18. a4 Rb8 19. Nh2 Bg5 20. Bxg5 Qxg5 21. Qxg5 Nxg5 22. Ne2 f5 23. exf5 gxf5 24. f4 Nf7 25. fxe5 Nxe5 26. Nf4 Ng6 27. Nh5 Rf8 28. Rf2 Bd7 29. Re1 Rbe8 30. Rxe8 Bxe8 31. g3 Ne7 32. Nf4 Nd5 33. Nf1 Bd7 34. Re2 Re8 35. Rxe8+ Bxe8 36. Ne6 Nb4 37. Nxc5 Nxc2 38. Nd2 Bf7 39. Kf2 Nb4 40. Nf3 Nc2 41. Nd2 Nb4 42. Nc4 Bxc4 43. dxc4 Kf7 44. Nb7 Ke6 45. Nxa5 Kd6 46. Ke2 Ke5 47. Nb7 h5 48. h4 f4 49. gxf4+ Kxf4 50. Nc5 Kg4 51. Nd3 Na6 52. Ne5+ Kxh4 53. Nxc6 Kg3 54. Nxd4 Kf4 55. Nf3 Ke4 56. Ng5+ Kd4 57. Kd2 Nc5 58. Kc2 1-0

[Event "EU-ch Seniors 65 18th"]
[Site "Drammen"]
[Date "2018.08.03"]
[Round "7"]
[White "Munar Mut, Antoni"]
[Black "Goncharov, Viktor1"]
[Result "1/2-1/2"]
[WhiteElo "1909"]
[BlackElo "2041"]
[PlyCount "52"]
[EventDate "2018.08.04"]
[EventType "swiss"]
[EventRounds "9"]
[EventCountry "NOR"]
[SourceTitle "EXT 2023"]
[Source "ChessBase"]
[SourceDate "2022.10.05"]
[SourceVersion "1"]
[SourceVersionDate "2022.10.05"]
[SourceQuality "1"]

1. e4 e5 2. Nf3 Nc6 3. Bb5 a6 4. Bxc6 dxc6 5. 0-0 Bg4 6. h3 h5 7. d3 Qf6 8. Be3 Bxf3 9. Qxf3 Qxf3 10. gxf3 Bd6 11. Nd2 f6 12. Nb3 Ne7 13. Rfd1 b6 14. c4 c5 15. a4 a5 16. Nc1 Ng6 17. Kf1 Nh4 18. Ke2 Kf7 19. Rf1 g5 20. Na2 Rag8 21. Nc3 Be7 22. Nd5 Bd8 23. Bd2 Ke6 24. Ne3 Ng6 25. Nf5 Ne7 26. Nxe7 Bxe7 1/2-1/2

[Event "Balears-ch Seniors 50"]
[Site "Palma de Mallorca"]
[Date "2017.09.01"]
[Round "1"]
[White "Payeras Pons, Pedro"]
[Black "Munar Mut, Antoni"]
[Result "0-1"]
[WhiteElo "1392"]
[BlackElo "1956"]
[PlyCount "52"]
[EventDate "2017.09.01"]
[EventType "swiss"]
[EventRounds "5"]
[EventCountry "ESP"]
[SourceTitle "CBM 180 Extra"]
[Source "ChessBase"]
[SourceDate "2017.10.06"]
[SourceVersion "1"]
[SourceVersionDate "2017.10.06"]
[SourceQuality "1"]

1. e4 c5 2. Nc3 Nc6 3. Nf3 d6 4. Bc4 e6 5. d3 Nf6 6. 0-0 Be7 7. a3 a6 8. Bd2 0-0 9. Re1 Ng4 10. h3 Nge5 11. Nxe5 Nxe5 12. Ba2 b5 13. b4 Bb7 14. Bf4 Bf6 15. Rb1 Rc8 16. Ne2 Nc6 17. c3 Ne5 18. Bxe5 dxe5 19. Ng3 cxb4 20. cxb4 Rc3 21. Rb3 Qc7 22. Qa1 Rc8 23. Ne2 Rc2 24. Rbb1 Qc6 25. Rbc1 Bg5 26. Rxc2 Qxc2 0-1

[Event "Santa Margalida Mallorca-ch"]
[Site "Santa Margalida"]
[Date "2016.12.03"]
[Round "8"]
[White "Fiol Company, Juan"]
[Black "Munar Mut, Antoni"]
[Result "1/2-1/2"]
[WhiteElo "1979"]
[BlackElo "1874"]
[PlyCount "38"]
[EventDate "2016.11.11"]
[EventType "swiss"]
[EventRounds "8"]
[EventCountry "ESP"]
[SourceTitle "EXT 2018"]
[Source "ChessBase"]
[SourceDate "2017.10.13"]
[SourceVersion "1"]
[SourceVersionDate "2017.10.13"]
[SourceQuality "1"]

1. e4 d5 2. exd5 Qxd5 3. Nc3 Qd8 4. d4 g6 5. Nf3 Bg7 6. Bc4 Nh6 7. Ne5 0-0 8. 0-0 Nf5 9. Be3 c6 10. a4 Nd7 11. Nf3 Nb6 12. Bb3 Nd5 13. Re1 Nfxe3 14. fxe3 Bg4 15. h3 Bxf3 16. Qxf3 e6 17. Ne4 b6 18. Qd1 f5 19. Nf2 Qh4 1/2-1/2

[Event "Llucmajor op 2nd"]
[Site "Llucmajor"]
[Date "2013.04.28"]
[Round "1"]
[White "Levin, Felix"]
[Black "Munar Mut, Antoni"]
[Result "1-0"]
[WhiteElo "2507"]
[BlackElo "1953"]
[PlyCount "85"]
[EventDate "2013.04.28"]
[EventType "swiss"]
[EventRounds "9"]
[EventCountry "ESP"]
[SourceTitle "CBM 154 Extra"]
[Source "ChessBase"]
[SourceDate "2013.06.25"]
[SourceVersion "2"]
[SourceVersionDate "2013.06.25"]
[SourceQuality "1"]

1. d4 d5 2. c4 Nc6 3. cxd5 Qxd5 4. e3 e5 5. Nc3 Bb4 6. a3 Bxc3+ 7. bxc3 exd4 8. cxd4 Nf6 9. Nf3 0-0 10. Be2 Ne4 11. Bd2 Nxd2 12. Qxd2 Qa5 13. 0-0 Qxd2 14. Nxd2 Bd7 15. Rfc1 Rac8 16. Nb3 b6 17. Ba6 Rb8 18. d5 Ne5 19. Rxc7 Ba4 20. Nd4 Rfd8 21. e4 Nd7 22. Rxa7 Nc5 23. Bf1 Ra8 24. Rxa8 Rxa8 25. f3 Bd7 26. Bb5 Bxb5 27. Nxb5 Ra5 28. Rb1 g5 29. h4 h6 30. Kh2 Kg7 31. Nd6 Nd7 32. Nc4 Ra6 33. hxg5 hxg5 34. e5 Ra8 35. e6 Nf6 36. Rxb6 Nxd5 37. Rb7 Kf6 38. exf7 Ne7 39. Nb6 Rh8+ 40. Kg1 Ke6 41. a4 Rd8 42. a5 Kxf7 43. a6 1-0

[Event "Palma de Mallorca op 3rd"]
[Site "Palma de Mallorca"]
[Date "2008.12.11"]
[Round "6"]
[White "Trillo Figueroa Vidal, Antonio"]
[Black "Munar Mut, Antoni"]
[Result "1-0"]
[WhiteElo "1782"]
[BlackElo "2065"]
[PlyCount "71"]
[EventDate "2008.12.06"]
[EventType "swiss"]
[EventRounds "9"]
[EventCountry "ESP"]
[SourceTitle "CBM 127 Extra"]
[Source "ChessBase"]
[SourceDate "2009.01.08"]
[SourceVersion "2"]
[SourceVersionDate "2009.01.28"]
[SourceQuality "1"]

1. e4 c5 2. Nf3 d6 3. d4 cxd4 4. Nxd4 Nf6 5. Nc3 Nc6 6. Bc4 e6 7. Be3 a6 8. Bb3 Be7 9. 0-0 0-0 10. Qe2 Qc7 11. f3 Ne5 12. Rad1 b5 13. a3 Bb7 14. Qf2 d5 15. exd5 Neg4 16. fxg4 Nxg4 17. Qf4 Qxf4 18. Bxf4 e5 19. Bxe5 Nxe5 20. Rfe1 Rfe8 21. Rxe5 Bc5 22. Rxe8+ Rxe8 23. Kf1 Bc8 24. Nf3 Bd7 25. Re1 Rc8 26. Ne4 Ba7 27. Nd6 Rd8 28. Nb7 Rb8 29. Na5 Bc5 30. Nc6 Ra8 31. Nfe5 Bf5 32. g4 Bg6 33. h4 f6 34. d6+ Kh8 35. Nxg6+ hxg6 36. d7 1-0

[Event "Palma de Mallorca op 3rd"]
[Site "Palma de Mallorca"]
[Date "2008.12.08"]
[Round "3"]
[White "Munar Mut, Antoni"]
[Black "Heinzel, Olaf"]
[Result "0-1"]
[WhiteElo "2065"]
[BlackElo "2378"]
[PlyCount "76"]
[EventDate "2008.12.06"]
[EventType "swiss"]
[EventRounds "9"]
[EventCountry "ESP"]
[SourceTitle "CBM 127 Extra"]
[Source "ChessBase"]
[SourceDate "2009.01.08"]
[SourceVersion "2"]
[SourceVersionDate "2009.01.28"]
[SourceQuality "1"]

1. e4 d5 2. exd5 Nf6 3. Nf3 Nxd5 4. d3 Nc6 5. Be2 Bf5 6. Nc3 e5 7. 0-0 Be7 8. Ne4 Qd7 9. Bd2 f6 10. a3 g5 11. Ng3 Be6 12. b4 g4 13. Nh4 Nd4 14. c3 Nxe2+ 15. Qxe2 0-0-0 16. Rfe1 Nb6 17. d4 Nc4 18. Nhf5 Bf8 19. Ne3 Nxd2 20. Qxd2 f5 21. Nexf5 Bxf5 22. Rxe5 Bg6 23. Rae1 Bd6 24. R5e2 h5 25. Ne4 Bxe4 26. Rxe4 Qb5 27. Qc2 Qc4 28. Qc1 a6 29. a4 Kb8 30. Qb2 Rdg8 31. b5 a5 32. b6 c6 33. d5 Qxd5 34. c4 Qf7 35. Qc3 Re8 36. Qxa5 Rxe4 37. Rxe4 Rf8 38. Qe1 Bc5 0-1

[Event "Palma de Mallorca op 3rd"]
[Site "Palma de Mallorca"]
[Date "2008.12.07"]
[Round "2"]
[White "Torres Mari, Juan"]
[Black "Munar Mut, Antoni"]
[Result "0-1"]
[WhiteElo "1743"]
[BlackElo "2065"]
[PlyCount "102"]
[EventDate "2008.12.06"]
[EventType "swiss"]
[EventRounds "9"]
[EventCountry "ESP"]
[SourceTitle "CBM 127 Extra"]
[Source "ChessBase"]
[SourceDate "2009.01.08"]
[SourceVersion "2"]
[SourceVersionDate "2009.01.28"]
[SourceQuality "1"]

1. d4 Nf6 2. c4 e6 3. Nc3 Be7 4. e4 d6 5. Nf3 0-0 6. Bd3 Nc6 7. h3 e5 8. d5 Nb8 9. 0-0 Nbd7 10. Be3 b6 11. b4 Bb7 12. Qe2 Rc8 13. a4 c6 14. dxc6 Bxc6 15. a5 Qc7 16. Rfc1 Qb8 17. axb6 Nxb6 18. Ra6 Bb7 19. Ra2 d5 20. exd5 Bxb4 21. Ne4 Nxe4 22. Bxe4 f5 23. Bb1 e4 24. Ng5 h6 25. Ne6 Rf7 26. Bf4 Bd6 27. Bxd6 Qxd6 28. Rac2 Nd7 29. Ba2 Nc5 30. Nxc5 Rxc5 31. Rb2 Ba6 32. Rcb1 Rfc7 33. Qh5 Rf7 34. Rb8+ Rf8 35. Rxf8+ Qxf8 36. Qg6 Bxc4 37. Bxc4 Rxc4 38. d6 Rd4 39. Qe6+ Kh7 40. Qe7 Qf6 41. Qxf6 gxf6 42. Rb7+ Kg6 43. d7 a5 44. Ra7 a4 45. Kf1 a3 46. Ke2 a2 47. Rxa2 Rxd7 48. g3 h5 49. h4 Rb7 50. Ke3 Rb3+ 51. Kf4 Rf3# 0-1

[Event "ESP-ch Seniors"]
[Site "Mallorca"]
[Date "2004.10.16"]
[Round "5"]
[White "Adler, Viktor"]
[Black "Munar Mut, Antoni"]
[Result "1-0"]
[WhiteElo "2412"]
[BlackElo "2129"]
[PlyCount "112"]
[EventDate "2004.10.12"]
[EventType "swiss"]
[EventRounds "9"]
[EventCountry "ESP"]
[SourceTitle "EXT 2005"]
[Source "ChessBase"]
[SourceDate "2004.11.15"]
[SourceVersion "1"]
[SourceVersionDate "2004.11.15"]
[SourceQuality "1"]

1. e4 d5 2. exd5 Qxd5 3. Nc3 Qd8 4. d4 g6 5. Bc4 Bg7 6. Nf3 Nh6 7. h3 Nf5 8. Ne2 0-0 9. 0-0 b6 10. c3 Bb7 11. Nf4 Nd7 12. Nd3 e6 13. Bf4 c5 14. dxc5 Nxc5 15. Nxc5 Qxd1 16. Rfxd1 Bxf3 17. gxf3 bxc5 18. Bc7 a5 19. a4 Rfc8 20. Bf4 Rd8 21. Kf1 Bf6 22. Rxd8+ Rxd8 23. Bc7 Rd2 24. Rb1 Bd8 25. Bf4 Rd7 26. Bb5 Rd5 27. Bc6 Rd3 28. Ke2 c4 29. Bb5 Bf6 30. Bxc4 Rd8 31. Rd1 Rc8 32. Ba6 Rc6 33. Bb5 Rc8 34. Rd7 Ne7 35. Ra7 Nd5 36. Bg3 Bg5 37. Rxa5 Nf4+ 38. Bxf4 Bxf4 39. Ra7 Bc1 40. b4 Rxc3 41. Be8 Ba3 42. Bxf7+ Kh8 43. Rb7 Rc2+ 44. Kd3 Rxf2 45. Bxe6 Rxf3+ 46. Ke4 Rf2 47. a5 Rb2 48. b5 Bc5 49. Bc4 Rd2 50. Bd3 Ra2 51. a6 Ra3 52. b6 Bxb6 53. Rxb6 Kg7 54. Rb7+ Kf6 55. Rxh7 Kg5 56. Bc4 Ra5 1-0